Formally self-referential propositions for cut free classical analysis and related systems (Record no. 69356)

MARC details
000 -LEADER
fixed length control field 00763nam a2200265Ia 4500
003 - CONTROL NUMBER IDENTIFIER
control field OSt
005 - DATE AND TIME OF LATEST TRANSACTION
control field 20220912151456.0
008 - FIXED-LENGTH DATA ELEMENTS--GENERAL INFORMATION
fixed length control field 220909b |||||||| |||| 00| 0 eng d
037 ## - SOURCE OF ACQUISITION
Terms of availability Textual
040 ## - CATALOGING SOURCE
Original cataloging agency CSL
Language of cataloging eng
Transcribing agency CSL
041 ## - LANGUAGE CODE
Language code of text/sound track or separate title eng
100 ## - MAIN ENTRY--PERSONAL NAME
Personal name Kreisel G
245 #0 - TITLE STATEMENT
Title Formally self-referential propositions for cut free classical analysis and related systems
260 ## - PUBLICATION, DISTRIBUTION, ETC.
Place of publication, distribution, etc. Warezawa
Name of publisher, distributor, etc. Panstwowe Wydawnictwo Naukowe
Date of publication, distribution, etc. 1970
300 ## - PHYSICAL DESCRIPTION
Extent 55p.
Dimensions cm.
490 ## - SERIES STATEMENT
Series statement Dissertationes mathematicae; 118
500 ## - GENERAL NOTE
General note Appendix 44-48p
700 ## - ADDED ENTRY--PERSONAL NAME
Personal name Takeuti G
942 ## - ADDED ENTRY ELEMENTS (KOHA)
Classification part B313N, L42
Koha item type Textual
Source of classification or shelving scheme Colon Classification (CC)
Holdings
Withdrawn status Lost status Damaged status Not for loan Home library Current library Date acquired Total Checkouts Full call number Barcode Date last seen Price effective from Koha item type
        Central Science Library Central Science Library 2022-09-12   B313N L42 SL0315077 2022-09-12 2022-09-12 Textual
Copyright @ Delhi University Library System